مكتبة جامعة عجلون الوطنية

فهرس بحث المكتبة

Normal view MARC view
  • الادارة الرشيقة-المستشفيات الخاصة

Entry Topical Term

Number of records used in: 1

001 - CONTROL NUMBER

  • control field: 63238

003 - CONTROL NUMBER IDENTIFIER

  • control field: JO-AjAnu

005 - DATE AND TIME OF LATEST TRANSACTION

  • control field: 20230606084325.0

008 - FIXED-LENGTH DATA ELEMENTS

  • fixed length control field: 230606|| aca||aabn | a|a d

040 ## - CATALOGING SOURCE

  • Original cataloging agency: JO-AjAnu
  • Transcribing agency: JO-AjAnu

150 ## - HEADING--TOPICAL TERM

  • Topical term or geographic name entry element: الادارة الرشيقة-المستشفيات الخاصة

670 ## - SOURCE DATA FOUND

  • Source citation: Work cat.: (JO-AjAnu)32241: اعداد المومني، لبنى مصطفى علي؛ اشراف ياسر عيسى محمود المومني, author 63237, اثر الادارة الرشيقة في تحسين جودة الخدمات الصحية في المستشفيات الخاصة الاردنية، الثقافة التنظيمية: كمتغير معدل = The Impact of Lean Mangement on Improving the Quality of Health Services in Private Jordanian Hospitals, Organizational Culture: as a Moderate